[Event "Campeonato España Sub 14"]
[Site "Salobreña"]
[Date "2017.07.22"]
[Round "9"]
[White "Gomez Carreno, Martin"]
[Black "Reboredo Martinez, Claudio"]
[Result "1/2-1/2"]
[Board "7"]
[WhiteClock "1:30"]
[WhiteElo "2089"]
[WhiteCountry "ESP"]
[WhiteFideId "32066171"]
[WhiteEloChange "-7"]
[BlackClock "1:30"]
[BlackElo "1796"]
[BlackCountry "ESP"]
[BlackFideId "24557153"]
[BlackEloChange "7"]

1. d4 {[%clk 1:30:00]} Nf6 {[%clk 1:30:00]} 2. Bg5 {[%clk 1:31:00]} g6 {[%clk
1:30:00]} 3. Bxf6 {[%clk 1:31:00]} exf6 {[%clk 1:31:00]} 4. e3 {[%clk 1:32:00]}
Bg7 {[%clk 1:31:00]} 5. g3 {[%clk 1:31:00]} O-O {[%clk 1:31:00]} 6. Bg2 {[%clk
1:32:00]} d6 {[%clk 1:31:00]} 7. Ne2 {[%clk 1:32:00]} f5 {[%clk 1:31:00]} 8. O-O
{[%clk 1:32:00]} Nd7 {[%clk 1:31:00]} 9. Nd2 {[%clk 1:30:00]} Nf6 {[%clk
1:30:00]} 10. c4 {[%clk 1:28:00]} Re8 {[%clk 1:25:00]} 11. Nc3 {[%clk 1:27:00]}
c6 {[%clk 1:22:00]} 12. Rc1 {[%clk 1:26:00]} Be6 {[%clk 1:16:00]} 13. Re1 {[%clk
1:23:00]} Rb8 {[%clk 1:10:00]} 14. Qc2 {[%clk 1:17:00]} c5 {[%clk 1:05:00]} 15.
Rcd1 {[%clk 1:05:00]} Qb6 {[%clk 0:57:00]} 16. b3 {[%clk 0:54:00]} a6 {[%clk
0:55:00]} 17. Ndb1 {[%clk 0:51:00]} Qc7 {[%clk 0:46:00]} 18. dxc5 {[%clk
0:49:00]} Qxc5 {[%clk 0:45:00]} 19. Qd3 {[%clk 0:47:00]} Red8 {[%clk 0:43:00]}
20. Nd5 {[%clk 0:46:00]} Bxd5 {[%clk 0:41:00]} 21. Bxd5 {[%clk 0:46:00]} Nxd5
{[%clk 0:41:00]} 22. Qxd5 {[%clk 0:47:00]} b5 {[%clk 0:41:00]} 23. cxb5 {[%clk
0:46:00]} axb5 {[%clk 0:40:00]} 24. Kg2 {[%clk 0:44:00]} b4 {[%clk 0:36:00]} 25.
Qxc5 {[%clk 0:42:00]} dxc5 {[%clk 0:36:00]} 26. Rxd8+ {[%clk 0:43:00]} Rxd8
{[%clk 0:36:00]} 27. Re2 {[%clk 0:43:00]} Kf8 {[%clk 0:35:00]} 28. Nd2 {[%clk
0:43:00]} Ke7 {[%clk 0:34:00]} 29. Nc4 {[%clk 0:43:00]} Bc3 {[%clk 0:33:00]} 30.
e4 {[%clk 0:37:00]} fxe4 {[%clk 0:32:00]} 31. Rxe4+ {[%clk 0:37:00]} 1/2-1/2

[Event "Campeonato España Sub 14"]
[Site "Salobreña"]
[Date "2017.07.22"]
[Round "9"]
[White "Barragan Arriaza, Pablo"]
[Black "Garcia Gimenez, Santiago"]
[Result "1/2-1/2"]
[Board "8"]
[WhiteClock "1:30"]
[WhiteElo "1916"]
[WhiteCountry "ESP"]
[WhiteFideId "32057130"]
[WhiteEloChange "4"]
[BlackClock "1:30"]
[BlackElo "2064"]
[BlackCountry "ESP"]
[BlackFideId "32063350"]
[BlackEloChange "-4"]

1. c4 {[%clk 1:30:00]} e5 {[%clk 1:30:00]} 2. g3 {[%clk 1:31:00]} Nf6 {[%clk
1:30:00]} 3. Bg2 {[%clk 1:31:00]} Bc5 {[%clk 1:30:00]} 4. Nc3 {[%clk 1:31:00]} d6
{[%clk 1:31:00]} 5. e3 {[%clk 1:28:00]} O-O {[%clk 1:30:00]} 6. d3 {[%clk
1:27:00]} c6 {[%clk 1:30:00]} 7. a3 {[%clk 1:26:00]} a5 {[%clk 1:30:00]} 8. Rb1
{[%clk 1:26:00]} d5 {[%clk 1:29:00]} 9. b4 {[%clk 1:10:00]} axb4 {[%clk 1:29:00]}
10. axb4 {[%clk 1:11:00]} Be7 {[%clk 1:29:00]} 11. cxd5 {[%clk 1:02:00]} cxd5
{[%clk 1:30:00]} 12. b5 {[%clk 1:01:00]} Be6 {[%clk 1:30:00]} 13. Nge2 {[%clk
0:58:00]} Nbd7 {[%clk 1:28:00]} 14. O-O {[%clk 0:50:00]} Nb6 {[%clk 1:25:00]} 15.
Bb2 {[%clk 0:44:00]} Nfd7 {[%clk 1:24:00]} 16. d4 {[%clk 0:38:00]} e4 {[%clk
1:22:00]} 17. Nf4 {[%clk 0:38:00]} Nf6 {[%clk 1:22:00]} 18. f3 {[%clk 0:37:00]}
exf3 {[%clk 1:19:00]} 19. Bxf3 {[%clk 0:35:00]} Nc4 {[%clk 1:17:00]} 20. Qe2
{[%clk 0:34:00]} Qd6 {[%clk 1:13:00]} 21. Ra1 {[%clk 0:32:00]} Rfd8 {[%clk
1:09:00]} 22. Rfe1 {[%clk 0:30:00]} Rxa1 {[%clk 1:10:00]} 23. Bxa1 {[%clk
0:29:00]} Bf8 {[%clk 1:02:00]} 24. Qg2 {[%clk 0:29:00]} g5 {[%clk 1:00:00]} 25.
Nd3 {[%clk 0:22:00]} Qa3 {[%clk 1:00:00]} 26. Qe2 {[%clk 0:17:24]} Bh6 {[%clk
0:59:00]} 27. g4 {[%clk 0:16:12]} Bg7 {[%clk 0:58:00]} 28. Nc5 {[%clk 0:13:20]}
b6 {[%clk 0:57:00]} 29. Nxe6 {[%clk 0:13:05]} fxe6 {[%clk 0:58:00]} 30. e4 {[%clk
0:11:28]} dxe4 {[%clk 0:31:00]} 31. Nxe4 {[%clk 0:11:42]} Nxe4 {[%clk 0:31:00]}
32. Qxe4 {[%clk 0:12:03]} e5 {[%clk 0:31:00]} 33. Qc6 {[%clk 0:09:21]} Nd2 {[%clk
0:26:00]} 34. Bd5+ {[%clk 0:09:04]} Kh8 {[%clk 0:26:00]} 35. dxe5 {[%clk
0:08:55]} Qb4 {[%clk 0:24:00]} 36. Bc3 {[%clk 0:07:13]} Qxg4+ {[%clk 0:24:00]}
37. Bg2 {[%clk 0:04:56]} Rc8 {[%clk 0:11:57]} 38. Qd5 {[%clk 0:05:12]} Nf3+
{[%clk 0:04:29]} 39. Qxf3 {[%clk 0:05:29]} Qxf3 {[%clk 0:04:58]} 40. Bxf3 {[%clk
0:05:52]} Rxc3 {[%clk 0:05:20]} 41. e6 {[%clk 0:04:55]} Bf6 {[%clk 0:05:42]} 42.
Bc6 {[%clk 0:05:18]} Be7 {[%clk 0:05:56]} 43. Rf1 {[%clk 0:04:42]} Re3 {[%clk
0:05:58]} 44. Bd7 {[%clk 0:03:21]} h5 {[%clk 0:05:46]} 45. Rf7 {[%clk 0:03:06]}
Bc5 {[%clk 0:05:39]} 46. Kf1 {[%clk 0:02:30]} Kg8 {[%clk 0:05:04]} 47. Rf5 {[%clk
0:02:41]} Be7 {[%clk 0:05:04]} 1/2-1/2

[Event "Campeonato España Sub 14"]
[Site "Salobreña"]
[Date "2017.07.22"]
[Round "9"]
[White "Pozo Prior, Jose Antonio"]
[Black "Diaz Mino, Pablo"]
[Result "0-1"]
[Board "9"]
[WhiteClock "1:30"]
[WhiteElo "1856"]
[WhiteCountry "ESP"]
[WhiteFideId "32047657"]
[WhiteEloChange "-5"]
[BlackClock "1:30"]
[BlackElo "2047"]
[BlackCountry "ESP"]
[BlackFideId "24520470"]
[BlackEloChange "5"]

1. e4 {[%clk 1:30:00]} e6 {[%clk 1:30:00]} 2. d4 {[%clk 1:31:00]} d5 {[%clk
1:31:00]} 3. Nc3 {[%clk 1:31:00]} dxe4 {[%clk 1:31:00]} 4. Nxe4 {[%clk 1:31:00]}
Nd7 {[%clk 1:31:00]} 5. Nf3 {[%clk 1:30:00]} Ngf6 {[%clk 1:31:00]} 6. Nxf6+
{[%clk 1:30:00]} Nxf6 {[%clk 1:32:00]} 7. c3 {[%clk 1:30:00]} c5 {[%clk 1:30:00]}
8. Be3 {[%clk 1:30:00]} Qc7 {[%clk 1:29:00]} 9. dxc5 {[%clk 1:26:00]} Bxc5 {[%clk
1:29:00]} 10. Bxc5 {[%clk 1:25:00]} Qxc5 {[%clk 1:29:00]} 11. Qd4 {[%clk
1:25:00]} Qxd4 {[%clk 1:29:00]} 12. Nxd4 {[%clk 1:26:00]} a6 {[%clk 1:25:00]} 13.
g3 {[%clk 1:24:00]} e5 {[%clk 1:21:00]} 14. Nc2 {[%clk 1:22:00]} Be6 {[%clk
1:19:00]} 15. Bg2 {[%clk 1:20:00]} Rb8 {[%clk 1:19:00]} 16. O-O {[%clk 1:19:00]}
Nd7 {[%clk 1:18:00]} 17. Rfe1 {[%clk 1:17:00]} Ke7 {[%clk 1:18:00]} 18. Ne3
{[%clk 1:14:00]} Rhd8 {[%clk 1:15:00]} 19. Nd5+ {[%clk 1:13:00]} Bxd5 {[%clk
1:14:00]} 20. Bxd5 {[%clk 1:13:00]} f6 {[%clk 1:15:00]} 21. Bf3 {[%clk 1:11:00]}
b6 {[%clk 1:12:00]} 22. Rad1 {[%clk 1:09:00]} Nc5 {[%clk 1:12:00]} 23. Rxd8
{[%clk 1:08:00]} Rxd8 {[%clk 1:09:00]} 24. Rd1 {[%clk 1:09:00]} Na4 {[%clk
1:09:00]} 25. Rxd8 {[%clk 1:08:00]} Kxd8 {[%clk 1:08:00]} 26. Be2 {[%clk
1:08:00]} a5 {[%clk 1:08:00]} 27. Bd1 {[%clk 0:58:00]} Nxb2 {[%clk 1:06:00]} 28.
Bb3 {[%clk 0:57:00]} Nd3 {[%clk 1:05:00]} 29. Kf1 {[%clk 0:51:00]} Nc5 {[%clk
1:04:00]} 30. Bc2 {[%clk 0:50:00]} h6 {[%clk 1:04:00]} 31. Ke2 {[%clk 0:51:00]}
Kc7 {[%clk 1:04:00]} 32. Kf3 {[%clk 0:51:00]} Kd6 {[%clk 0:57:00]} 33. Kg4 {[%clk
0:48:00]} Ke7 {[%clk 0:57:00]} 34. Kh5 {[%clk 0:45:00]} e4 {[%clk 0:57:00]} 35.
Kg4 {[%clk 0:42:00]} Ke6 {[%clk 0:57:00]} 36. Kf4 {[%clk 0:42:00]} f5 {[%clk
0:57:00]} 37. h4 {[%clk 0:41:00]} Kf6 {[%clk 0:57:00]} 38. h5 {[%clk 0:40:00]}
Ne6+ {[%clk 0:57:00]} 39. Ke3 {[%clk 0:40:00]} Ke5 {[%clk 0:57:00]} 40. Bb3
{[%clk 0:37:00]} Nc5 {[%clk 0:56:00]} 41. Bc2 {[%clk 0:36:00]} Nd7 {[%clk
0:56:00]} 42. Bd1 {[%clk 0:35:00]} Nf6 {[%clk 0:57:00]} 43. c4 {[%clk 0:35:00]}
Ne8 {[%clk 0:56:00]} 44. Be2 {[%clk 0:29:00]} Nc7 {[%clk 0:56:00]} 45. Bd1 {[%clk
0:27:00]} Na6 {[%clk 0:55:00]} 46. Bc2 {[%clk 0:25:00]} Nb4 {[%clk 0:56:00]} 47.
Bb3 {[%clk 0:26:00]} Nd3 {[%clk 0:55:00]} 48. Bc2 {[%clk 0:24:00]} Ne1 {[%clk
0:52:00]} 49. Bb3 {[%clk 0:24:00]} Ng2+ {[%clk 0:51:00]} 50. Ke2 {[%clk 0:24:00]}
f4 {[%clk 0:51:00]} 51. Kf1 {[%clk 0:20:00]} f3 {[%clk 0:51:00]} 52. Ba4 {[%clk
0:19:46]} e3 {[%clk 0:49:00]} 53. Bd1 {[%clk 0:18:07]} Ke4 {[%clk 0:46:00]} 54.
Bc2+ {[%clk 0:16:24]} Kd4 {[%clk 0:46:00]} 55. Bd1 {[%clk 0:16:04]} e2+ {[%clk
0:42:00]} 56. Bxe2 {[%clk 0:16:22]} fxe2+ {[%clk 0:43:00]} 57. Kxe2 {[%clk
0:16:44]} Kxc4 {[%clk 0:42:00]} 58. Kf1 {[%clk 0:17:06]} Nf4 {[%clk 0:42:00]} 59.
gxf4 {[%clk 0:17:30]} b5 {[%clk 0:42:00]} 60. Ke2 {[%clk 0:17:14]} Kc3 {[%clk
0:42:00]} 61. Kd1 {[%clk 0:16:00]} Kb2 {[%clk 0:42:00]} 0-1

[Event "Campeonato España Sub 14"]
[Site "Salobreña"]
[Date "2017.07.22"]
[Round "9"]
[White "Galvan Cipriani, Viviana"]
[Black "Cespedes Llaverias, Llibert"]
[Result "0-1"]
[Board "10"]
[WhiteClock "1:30"]
[WhiteTitle "WFM"]
[WhiteElo "1784"]
[WhiteCountry "ESP"]
[WhiteFideId "32041144"]
[WhiteEloChange "-5"]
[BlackClock "1:30"]
[BlackElo "1996"]
[BlackCountry "ESP"]
[BlackFideId "32065949"]
[BlackEloChange "5"]

1. c4 {[%clk 1:30:00]} e5 {[%clk 1:30:00]} 2. g3 {[%clk 1:30:00]} Nc6 {[%clk
1:31:00]} 3. Bg2 {[%clk 1:30:00]} Bc5 {[%clk 1:31:00]} 4. Nc3 {[%clk 1:29:00]} d6
{[%clk 1:31:00]} 5. e3 {[%clk 1:29:00]} a6 {[%clk 1:31:00]} 6. Nge2 {[%clk
1:29:00]} Ba7 {[%clk 1:32:00]} 7. a3 {[%clk 1:29:00]} h5 {[%clk 1:30:00]} 8. h3
{[%clk 1:28:00]} h4 {[%clk 1:29:00]} 9. g4 {[%clk 1:28:00]} f5 {[%clk 1:29:00]}
10. f3 {[%clk 1:27:00]} Nf6 {[%clk 1:23:00]} 11. Qb3 {[%clk 1:24:00]} Rb8 {[%clk
1:09:00]} 12. g5 {[%clk 0:46:00]} Nh5 {[%clk 0:54:00]} 13. f4 {[%clk 0:36:00]}
Be6 {[%clk 0:41:00]} 14. Nd5 {[%clk 0:30:00]} Na5 {[%clk 0:38:00]} 15. Qa4+
{[%clk 0:30:00]} c6 {[%clk 0:35:00]} 16. b4 {[%clk 0:19:04]} Nxc4 {[%clk
0:34:00]} 17. d3 {[%clk 0:18:21]} Bxd5 {[%clk 0:34:00]} 18. Bxd5 {[%clk 0:17:42]}
Nb6 {[%clk 0:34:00]} 19. Bxc6+ {[%clk 0:16:58]} bxc6 {[%clk 0:34:00]} 20. Qxc6+
{[%clk 0:17:16]} Qd7 {[%clk 0:34:00]} 21. Qc2 {[%clk 0:16:38]} Rc8 {[%clk
0:34:00]} 22. Qa2 {[%clk 0:15:19]} Qf7 {[%clk 0:33:00]} 23. Qd2 {[%clk 0:13:48]}
Qd5 {[%clk 0:32:00]} 24. Rg1 {[%clk 0:12:56]} Qc6 {[%clk 0:30:00]} 25. Bb2 {[%clk
0:11:19]} Nd5 {[%clk 0:26:00]} 26. d4 {[%clk 0:06:50]} Qc2 {[%clk 0:24:00]} 27.
fxe5 {[%clk 0:06:16]} Qxd2+ {[%clk 0:24:00]} 28. Kxd2 {[%clk 0:06:31]} dxe5
{[%clk 0:24:00]} 29. Nc1 {[%clk 0:01:09]} Ng3 {[%clk 0:24:00]} 30. Nb3 {[%clk
0:00:57]} Ne4+ {[%clk 0:24:00]} 31. Kd3 {[%clk 0:00:52]} Nf2+ {[%clk 0:24:00]}
32. Kd2 {[%clk 0:01:14]} Nxh3 {[%clk 0:24:00]} 33. Rgf1 {[%clk 0:01:39]} Rf8
{[%clk 0:23:00]} 34. Nc5 {[%clk 0:01:16]} Bxc5 {[%clk 0:20:00]} 35. dxc5 {[%clk
0:01:25]} Nxg5 {[%clk 0:19:53]} 36. Bxe5 {[%clk 0:01:35]} Ne4+ {[%clk 0:20:00]}
37. Kd3 {[%clk 0:00:38]} g5 {[%clk 0:19:46]} 38. Kd4 {[%clk 0:00:35]} Ne7 {[%clk
0:15:39]} 39. Kd3 {[%clk 0:00:39]} Rd8+ {[%clk 0:14:21]} 40. Ke2 {[%clk 0:00:36]}
Ng6 {[%clk 0:12:42]} 41. Bc7 {[%clk 0:00:34]} Rd7 {[%clk 0:12:39]} 42. Bb6 {[%clk
0:00:41]} Ng3+ {[%clk 0:12:24]} 43. Ke1 {[%clk 0:00:39]} Nxf1 {[%clk 0:11:31]}
44. Kxf1 {[%clk 0:00:36]} Ne7 {[%clk 0:11:14]} 45. a4 {[%clk 0:00:53]} Nd5 {[%clk
0:09:21]} 46. Kf2 {[%clk 0:00:38]} Nxb4 {[%clk 0:08:12]} 47. Rb1 {[%clk 0:00:29]}
Nc6 {[%clk 0:08:35]} 48. a5 {[%clk 0:00:34]} g4 {[%clk 0:08:23]} 49. Kg2 {[%clk
0:00:34]} Ke7 {[%clk 0:08:04]} 50. Re1 {[%clk 0:00:52]} Rd2+ {[%clk 0:07:39]} 51.
Kg1 {[%clk 0:01:12]} Rc8 {[%clk 0:07:06]} 52. Rf1 {[%clk 0:01:08]} Kf6 {[%clk
0:04:55]} 53. Rc1 {[%clk 0:00:35]} Ne5 {[%clk 0:03:26]} 54. Rb1 {[%clk 0:00:34]}
Nf3+ {[%clk 0:03:32]} 55. Kf1 {[%clk 0:00:36]} g3 {[%clk 0:03:50]} 56. c6 {[%clk
0:00:32]} g2# {[%clk 0:03:50]} 0-1

[Event "Campeonato España Sub 14"]
[Site "Salobreña"]
[Date "2017.07.22"]
[Round "9"]
[White "Perez Beltran, Salvador"]
[Black "Cuellar Montes, Alejandro"]
[Result "1/2-1/2"]
[Board "11"]
[WhiteClock "n/a"]
[WhiteElo "1854"]
[WhiteCountry "ESP"]
[WhiteFideId "32063008"]
[WhiteEloChange "4"]
[BlackClock "n/a"]
[BlackElo "1990"]
[BlackCountry "ESP"]
[BlackFideId "32096836"]
[BlackEloChange "-4"]

1. d4 {[%clk 1:30:30]} d5 {[%clk 1:30:30]} 2. Nf3 {[%clk 1:30:30]} e6 {[%clk
1:30:30]} 3. c4 {[%clk 1:30:30]} c6 {[%clk 1:30:30]} 4. Nc3 {[%clk 1:30:30]} dxc4
{[%clk 1:30:30]} 5. a4 {[%clk 1:30:30]} Bb4 {[%clk 1:30:30]} 6. e3 {[%clk
1:30:30]} b5 {[%clk 1:30:30]} 7. Bd2 {[%clk 1:30:30]} a5 {[%clk 1:30:30]} 8. axb5
{[%clk 1:30:30]} Bxc3 {[%clk 1:30:30]} 9. Bxc3 {[%clk 1:30:30]} cxb5 {[%clk
1:30:30]} 10. b3 {[%clk 1:30:30]} Bb7 {[%clk 1:30:30]} 11. bxc4 {[%clk 1:30:30]}
b4 {[%clk 1:30:30]} 12. Bb2 {[%clk 1:30:30]} Nf6 {[%clk 1:30:30]} 13. c5 {[%clk
1:30:30]} O-O {[%clk 1:30:30]} 14. Bb5 {[%clk 1:30:30]} Bc6 {[%clk 1:30:30]} 15.
Ba4 {[%clk 1:30:30]} Qc7 {[%clk 1:30:30]} 16. O-O {[%clk 1:30:30]} Nbd7 {[%clk
1:30:30]} 17. Bxc6 {[%clk 1:30:30]} Qxc6 {[%clk 1:30:30]} 18. Qa4 {[%clk
1:30:30]} Qc7 {[%clk 1:30:30]} 19. Rfc1 {[%clk 1:30:30]} Ne4 {[%clk 1:30:30]} 20.
Ne1 {[%clk 1:30:30]} f5 {[%clk 1:30:30]} 21. f3 {[%clk 1:30:30]} Nef6 {[%clk
1:30:30]} 22. Nd3 {[%clk 1:30:30]} Nd5 {[%clk 1:30:30]} 23. Re1 {[%clk 1:30:30]}
N7f6 {[%clk 1:30:30]} 24. Ne5 {[%clk 1:30:30]} Ra6 {[%clk 1:30:30]} 25. Nc4
{[%clk 1:30:30]} Rfa8 {[%clk 1:30:30]} 26. Nd6 {[%clk 1:30:30]} Nd7 {[%clk
1:30:30]} 27. Nb5 {[%clk 1:30:30]} Qc6 {[%clk 1:30:30]} 28. Nd6 {[%clk 1:30:30]}
Qc7 {[%clk 1:30:30]} 29. Nb5 {[%clk 1:30:30]} Qc6 {[%clk 1:30:30]} 30. Nd6 {[%clk
1:30:30]} Qc7 {[%clk 1:30:30]} 1/2-1/2

[Event "Campeonato España Sub 14"]
[Site "Salobreña"]
[Date "2017.07.22"]
[Round "9"]
[White "Arjol Lopez, Daniel"]
[Black "Fernandez Garcia, Gumersindo"]
[Result "1/2-1/2"]
[Board "12"]
[WhiteClock "1:30"]
[WhiteElo "1990"]
[WhiteCountry "ESP"]
[WhiteFideId "32099398"]
[WhiteEloChange "-4"]
[BlackClock "1:30"]
[BlackElo "1861"]
[BlackCountry "ESP"]
[BlackFideId "24516740"]
[BlackEloChange "4"]

1. e4 {[%clk 1:30:00]} c5 {[%clk 1:30:00]} 2. Nf3 {[%clk 1:31:00]} g6 {[%clk
1:30:00]} 3. c4 {[%clk 1:31:00]} Bg7 {[%clk 1:31:00]} 4. d4 {[%clk 1:31:00]} cxd4
{[%clk 1:31:00]} 5. Nxd4 {[%clk 1:31:00]} Nc6 {[%clk 1:32:00]} 6. Nc2 {[%clk
1:32:00]} d6 {[%clk 1:27:00]} 7. Be2 {[%clk 1:32:00]} Nf6 {[%clk 1:27:00]} 8. Nc3
{[%clk 1:32:00]} O-O {[%clk 1:27:00]} 9. O-O {[%clk 1:33:00]} Nd7 {[%clk
1:24:00]} 10. Bd2 {[%clk 1:33:00]} a5 {[%clk 1:23:00]} 11. Be3 {[%clk 1:33:00]}
Nc5 {[%clk 1:21:00]} 12. f3 {[%clk 1:33:00]} Re8 {[%clk 1:14:00]} 13. Qd2 {[%clk
1:32:00]} Bd7 {[%clk 1:12:00]} 14. Rfd1 {[%clk 1:32:00]} Be6 {[%clk 1:11:00]} 15.
Na3 {[%clk 1:30:00]} Rc8 {[%clk 1:09:00]} 16. Rac1 {[%clk 1:25:00]} Ne5 {[%clk
1:06:00]} 17. b3 {[%clk 1:25:00]} f5 {[%clk 1:05:00]} 18. exf5 {[%clk 1:25:00]}
Bxf5 {[%clk 1:05:00]} 19. Bxc5 {[%clk 1:22:00]} dxc5 {[%clk 1:01:00]} 20. Qf4
{[%clk 1:17:00]} Qc7 {[%clk 0:56:00]} 21. Nab5 {[%clk 1:15:00]} Qb8 {[%clk
0:53:00]} 22. Qh4 {[%clk 1:03:00]} Nc6 {[%clk 0:47:00]} 23. Nd5 {[%clk 0:56:00]}
Bb2 {[%clk 0:42:00]} 24. g4 {[%clk 0:46:00]} Be6 {[%clk 0:34:00]} 25. Rc2 {[%clk
0:45:00]} Bg7 {[%clk 0:33:00]} 26. Qg5 {[%clk 0:25:00]} Bf7 {[%clk 0:23:00]} 27.
Kg2 {[%clk 0:15:19]} Qe5 {[%clk 0:21:00]} 28. Qxe5 {[%clk 0:15:10]} Bxe5 {[%clk
0:22:00]} 29. Rcd2 {[%clk 0:10:50]} Nd4 {[%clk 0:20:00]} 30. Nxd4 {[%clk
0:06:36]} Bxd4 {[%clk 0:20:00]} 31. Bd3 {[%clk 0:06:48]} Kg7 {[%clk 0:19:13]} 32.
Be4 {[%clk 0:07:01]} Bxd5 {[%clk 0:18:54]} 33. Bxd5 {[%clk 0:07:20]} b6 {[%clk
0:18:52]} 34. Re2 {[%clk 0:07:47]} e5 {[%clk 0:19:00]} 35. h4 {[%clk 0:07:13]} h6
{[%clk 0:18:39]} 36. Rh1 {[%clk 0:05:24]} Rf8 {[%clk 0:18:25]} 37. Kf1 {[%clk
0:05:13]} Rf4 {[%clk 0:18:39]} 38. Ke1 {[%clk 0:05:02]} Rd8 {[%clk 0:18:28]} 39.
Kd2 {[%clk 0:04:10]} Re8 {[%clk 0:18:02]} 40. Re4 {[%clk 0:03:49]} Ref8 {[%clk
0:16:02]} 41. Rxf4 {[%clk 0:04:09]} Rxf4 {[%clk 0:16:21]} 42. Re1 {[%clk
0:03:52]} Rf8 {[%clk 0:14:49]} 43. Rh1 {[%clk 0:03:04]} Kh7 {[%clk 0:14:48]} 44.
Be4 {[%clk 0:02:46]} Kg7 {[%clk 0:15:13]} 45. Kd3 {[%clk 0:03:15]} Rd8 {[%clk
0:14:13]} 46. Bd5 {[%clk 0:03:14]} Rf8 {[%clk 0:14:36]} 47. Rh2 {[%clk 0:03:09]}
Rf4 {[%clk 0:14:26]} 48. Be4 {[%clk 0:03:17]} Rf8 {[%clk 0:13:52]} 49. h5 {[%clk
0:02:06]} g5 {[%clk 0:14:12]} 50. Rd2 {[%clk 0:02:20]} Rf7 {[%clk 0:13:38]} 51.
Bf5 {[%clk 0:02:35]} Rf8 {[%clk 0:13:18]} 52. Ke4 {[%clk 0:02:58]} Rd8 {[%clk
0:13:43]} 53. a3 {[%clk 0:02:59]} Kf7 {[%clk 0:10:08]} 54. Rd1 {[%clk 0:03:15]}
Ke7 {[%clk 0:09:47]} 55. Bg6 {[%clk 0:02:24]} Kd6 {[%clk 0:09:33]} 56. Rb1 {[%clk
0:02:14]} Rf8 {[%clk 0:09:41]} 57. Bf5 {[%clk 0:02:40]} Ra8 {[%clk 0:09:41]}
1/2-1/2

[Event "Campeonato España Sub 14"]
[Site "Salobreña"]
[Date "2017.07.22"]
[Round "9"]
[White "Masague Artero, Guerau"]
[Black "Moya Nunez, Salvador"]
[Result "1-0"]
[Board "13"]
[WhiteClock "1:30"]
[WhiteElo "1965"]
[WhiteCountry "ESP"]
[WhiteFideId "32098952"]
[WhiteEloChange "5"]
[BlackClock "1:30"]
[BlackElo "1792"]
[BlackCountry "ESP"]
[BlackFideId "24519790"]
[BlackEloChange "-5"]

1. d4 {[%clk 1:30:00]} d5 {[%clk 1:30:00]} 2. c4 {[%clk 1:31:00]} c6 {[%clk
1:30:00]} 3. Nf3 {[%clk 1:31:00]} Nf6 {[%clk 1:30:00]} 4. Nc3 {[%clk 1:31:00]} e6
{[%clk 1:30:00]} 5. cxd5 {[%clk 1:27:00]} exd5 {[%clk 1:28:00]} 6. Bg5 {[%clk
1:25:00]} Be7 {[%clk 1:28:00]} 7. Qc2 {[%clk 1:25:00]} O-O {[%clk 1:25:00]} 8. e3
{[%clk 1:25:00]} Re8 {[%clk 1:22:00]} 9. Bxf6 {[%clk 1:22:00]} Bxf6 {[%clk
1:20:00]} 10. Bd3 {[%clk 1:22:00]} h6 {[%clk 1:20:00]} 11. O-O {[%clk 1:23:00]}
Nd7 {[%clk 1:12:00]} 12. b4 {[%clk 1:22:00]} Nf8 {[%clk 1:06:00]} 13. h3 {[%clk
1:20:00]} Ne6 {[%clk 1:04:00]} 14. a4 {[%clk 1:12:00]} b6 {[%clk 0:49:00]} 15.
Rab1 {[%clk 1:02:00]} Bb7 {[%clk 0:49:00]} 16. a5 {[%clk 0:57:00]} Qe7 {[%clk
0:40:00]} 17. a6 {[%clk 0:50:00]} Bc8 {[%clk 0:39:00]} 18. b5 {[%clk 0:50:00]}
Bd7 {[%clk 0:39:00]} 19. Rfc1 {[%clk 0:43:00]} Rac8 {[%clk 0:36:00]} 20. Qa2
{[%clk 0:40:00]} Red8 {[%clk 0:34:00]} 21. Bc2 {[%clk 0:34:00]} Ng5 {[%clk
0:25:00]} 22. Nxg5 {[%clk 0:30:00]} Bxg5 {[%clk 0:25:00]} 23. Bb3 {[%clk
0:23:00]} Qd6 {[%clk 0:20:00]} 24. bxc6 {[%clk 0:19:36]} Bxc6 {[%clk 0:19:18]}
25. Rc2 {[%clk 0:17:41]} Rc7 {[%clk 0:07:12]} 26. Rbc1 {[%clk 0:15:49]} Re7
{[%clk 0:05:47]} 27. Ba4 {[%clk 0:12:52]} Bxa4 {[%clk 0:03:38]} 28. Qxa4 {[%clk
0:12:52]} Rc7 {[%clk 0:02:33]} 29. Nb5 {[%clk 0:12:27]} Rxc2 {[%clk 0:01:52]} 30.
Qxc2 {[%clk 0:06:45]} Qe7 {[%clk 0:01:52]} 31. Qc6 {[%clk 0:06:04]} Rd7 {[%clk
0:01:52]} 32. Rc3 {[%clk 0:06:03]} f5 {[%clk 0:01:33]} 33. f4 {[%clk 0:04:33]}
Bf6 {[%clk 0:01:53]} 34. Nc7 {[%clk 0:04:14]} Qd6 {[%clk 0:00:57]} 35. Qxd6
{[%clk 0:04:10]} Rxd6 {[%clk 0:01:22]} 36. Nb5 {[%clk 0:04:20]} Rd7 {[%clk
0:00:36]} 37. Rc8+ {[%clk 0:02:18]} Bd8 {[%clk 0:00:34]} 38. Ra8 {[%clk 0:02:06]}
Kf8 {[%clk 0:00:44]} 39. Nxa7 {[%clk 0:02:21]} Ke7 {[%clk 0:00:51]} 40. Nc6+
{[%clk 0:02:25]} Kd6 {[%clk 0:00:32]} 41. Rxd8 {[%clk 0:02:25]} 1-0